000 00703nam a2200265 i 4500
001 C2-0249853
003 PPAK
005 20180727213700.0
008 030610s2003 my a|||| ||||| | eng d
020 _a983172397X
040 _aPPAK
_beng
_cPPAK
_erda
082 0 4 _a428.6
_223
090 0 0 _a428.6
_bLEO
_dK
100 1 _aLeong, Suzee,
_eauthor
245 1 4 _aThe two mice and the milk
264 1 _aKuala Lumpur :
_bArowana ,
_c(2003)
300 _a16 pages :
_bcolour illustrations ;
_c26 cm
336 _2rdacontent
_atext
337 _2rdamedia
_aunmediated
338 _2rdacarrier
_avolume
490 1 _aPelican series
650 1 0 _aReaders
830 0 _aPelican series
942 _ddc
_cB
999 _c63247
_d63247